Activities and readings in learning and development /

Bibliographic Details
Main Author: Clifford, Margaret M.
Other Authors: Grandgenett, Myrna, Bardwell, Rebecca
Format: Book
Language:English
Published: Boston : Houghton Mifflin, [1981]
Subjects:

MARC

Tag First Indicator Second Indicator Subfields
LEADER 00000cam a2200000 a 4500
001 in00000078053
005 20151008055124.0
008 811102s1981 maua b 00010 eng
010 |a  80084892  
020 |a 0395299241 (pbk.) 
035 |a (OCoLC)07976385 
035 |9 AAJ2611AM 
039 0 |a 2  |b 3  |c 3  |d 3  |e 3 
040 |a DLC  |c DLC  |d TXA  |d UtOrBLW 
049 |a TXAM  |c [1361649] 
050 0 0 |a LB1537  |b .C558 
082 0 |a 371.1/02  |2 19 
100 1 |a Clifford, Margaret M. 
245 1 0 |a Activities and readings in learning and development /  |c Margaret M. Clifford, Myrna Grandgenett, Rebecca Bardwell. 
264 1 |a Boston :  |b Houghton Mifflin,  |c [1981] 
264 4 |c ©1981 
300 |a xv, 221 pages :  |b illustrations ;  |c 28 cm. 
336 |a text  |b txt  |2 rdacontent 
337 |a unmediated  |b n  |2 rdamedia 
338 |a volume  |b nc  |2 rdacarrier 
504 |a Includes bibliographical references. 
650 0 |a Creative activities and seat work. 
650 0 |a Classroom management. 
700 1 |a Grandgenett, Myrna. 
700 1 |a Bardwell, Rebecca. 
999 |a MARS 
999 f f |s b2c94fcb-1aab-3e35-9ff0-bc54d56af5c9  |i 341cec27-7e91-3d84-8d26-8baa3e90ab22  |t 0 
952 f f |p normal  |a Texas A&M University  |b College Station  |c Sterling C. Evans Library  |d Evans: Library Stacks  |t 0  |e LB1537 .C558  |h Library of Congress classification  |i unmediated -- volume  |m A14806160588 
998 f f |a LB1537 .C558  |t 0  |l Evans: Library Stacks